Personagens Bíblicos - Statistics

Estatísticas Gerais
  • Esse quiz foi jogado 854 vezes
  • A pontuação média é 15 de 20
Estatísticas das Respostas
Hint Resposta % Correto
Primeiro homem Adão
99%
Primeira mulher Eva
99%
Construiu uma grande arca Noé
98%
Mãe de Jesus Maria
97%
Traiu Jesus Judas
95%
Foi morto pelo seu irmão Abel
93%
Matou seu irmão Caim
93%
Matou o gigante Davi
93%
Abriu o mar vermelho Moisés
93%
Batizou Jesus João, o Batista
89%
Possuia grande força vinda de seus cabelos Sansão
84%
Sobreviveu à cova dos leões Daniel
73%
Escravo que se tornou governador José
73%
Foi chamado Saulo Paulo
72%
Pediu a Deus sabedoria Salomão
68%
Sobreviveu no ventre do peixe Jonas
64%
Primeiro rei de Israel Saul
53%
Foi chamado amigo de Deus Abraão
44%
Ungiu o primeiro rei de Israel Samuel
44%
Foi curado da lepra mergulhando no Jordão Naamã
20%
Nenhum quiz correspondente encontrado
Distribuição das Pontuações
Porcentagem de Pessoas com Cada Pontuação
Percentil de Números Respondidos
Sua Pontuação Histórica
Você não jogou esse quiz